Harry Potter Finish the Quote - Statistics

General Stats
  • This quiz has been taken 112 times
  • The average score is 4 of 14
Answer Stats
Character Part of Quote Answer % Correct
Dobby "_____ is free." Dobby
99%
Cornelius Fudge "Why, dear boy, we don’t send wizards to Azkaban just for _______ __ _____ _____." blowing up their aunts
52%
Hermione Granger "I hope you're pleased with yourselves. We could all ____ ____ ______ — __ _____, ________. Now if you don't mind, I'm going to bed." have been killed — or worse, expelled.
49%
Albus Dumbledore "It does not do well to _____ __ ______ and forget to live." dwell on dreams
35%
Sirius Black "If you want to know what a man’s like, take a good look at ___ __ ______ ___ _________, not his equals." how he treats his inferiors
29%
Sirius Black "I want to ______ ___ ______ I was imprisoned for." commit the murder
27%
Luna Lovegood "Wit beyond measure is ___'_ ________ ________." man’s greatest treasure
27%
Ron Weasley "Hearing voices no one else can hear ___'_ _ ____ ____, ____ __ ___ _________ _____." isn’t a good sign, even in the wizarding world
26%
Ginny Weasley "'The thing about _______ __ ____ ____ ___ ______ is that you sort of start thinking anything's possible if you've got enough nerve.'" growing up with Fred and George
14%
Nearly Headless Nick "Once again, you show all the sensitivity __ _ _____ ___." of a blunt axe
13%
Peeves “We did it, we bashed them ___ ______'_ ___ ___, ___ _____'_ ____ _____, so now let's have fun!” wee Potter's the one, and Voldy's gone moldy
5%
Kingsley Shacklebolt "Every human life is _____ ___ ____, ___ _____ ______." worth the same, and worth saving
5%
Fred Weasley "I think we've outgrown full-time education ... ____ __ ____ ___ _______ __ ___ ____ _____, d'you reckon?," Time to test our talents in the real world
4%
Voldemort "Your devotion __ _______ ____ ____ ________. You would not be here if you had anywhere else to go." is nothing more than cowardice
3%
No matching quizzes found
Score Distribution
Percent of People with Each Score
Percentile by Number Answered
Your Score History
You have not taken this quiz